00668nam a2200205Ia 4500008004100000020001800041041000800059082001500067100002200082245005200104250001200156260003200168300000900200440000600209500001700215650001600232700005500248999001700303952014200320230125s9999 xx 000 0 und d a81-7554-288-8 aeng a659.1bSMI aSmith P R9111371 aMarketing Communications An Integrated Approach a4th Ed. c2005bKogan PageaNew Delhi a696p v1 aadvertising; aAdvertising aSmith P R; Dr. Palla Sivaprasad & Taylor J9118089 c96075d96075 00104070aHIMRbHIMRd2018-06-06eSatya Gilanig1.00o659.1 SMI DB2847pHIMR-DB-2847r2023-01-25 00:00:00v1.00w2018-06-06yDBzDB2847